Songs Lady Gaga Performed During the Super Bowl Halftime Show (2017) - Statistics

General Stats
  • This quiz has been taken 556 times
  • The average score is 5 of 6
Answer Stats
Answer % Correct
Poker Face
98%
Bad Romance
95%
Just Dance
89%
Born This Way
86%
Telephone
86%
Million Reasons
85%
No matching quizzes found
Score Distribution
Percent of People with Each Score
Percentile by Number Answered
Your Score History
You have not taken this quiz